000 00637nam a2200205 a 4500
001 4013
003 CO-ViMGA
008 141112s2004 ck r 000 u spa d
020 _a0201601192
040 _aCO-ViMGA
_bspa
_cCO-ViMGA
082 0 4 _aMEVIECAR.64 B766
100 1 _aBrookshear, J. Glenn
_954337
245 1 0 _aTeoría de la computación :
_blenguajes formales, autómatas y complejidad /
_cBrookshear J. Glenn
260 _aWilmington :
_bAddison - Wesley,
_c1993
300 _a338 p. : il
590 _aDatos de inventario : 05660
650 1 4 _aCOMPUTACION
_95430
650 1 4 _aCOMPUTACION - TEORIA
_954338
942 _2ddc
_cBK
999 _c16031
_d16031